| 000 | 00594nam a22001937a 4500 | ||
|---|---|---|---|
| 999 |
_c20615 _d20615 |
||
| 003 | AR-CdUCM | ||
| 008 | 190517b ||||| |||| 00| 0 spa d | ||
| 040 |
_aMUNICIPALIDAD PROVINCIAL DEL CUSCO _cBIBLIOTECA MUNICIPAL DEL CUSCO |
||
| 082 |
_a869.33 / _bB23 |
||
| 100 |
_aBarrios, Eduardo _940877 |
||
| 245 |
_aEl niño que enloqueció por amor : _b¡pobre feo! - Papá y Mamá / |
||
| 260 |
_aBuenos Aires : _bLosada, _c1954. |
||
| 300 |
_a121 páginas ; _c18 cm. |
||
| 505 | _aContenido : Novela. | ||
| 650 |
_aLiteratura _983 |
||
| 650 |
_aNovela _95 |
||
| 942 |
_2ddc _cLIBROS |
||
| 945 | _arcc | ||